01527nam a2200373Ia 4500001001200000003000800012006001900020007001500039008004100054010001700095020001500112020002000127020002000147040002100167035002100188050002400209082001900233100001700252245013100269260004300400300001600443490003700459504005100496533015200547610005500699650007300754650005500827650004400882655002900926710001700955830003800972856012601010999001701136ebr10150442CaPaEBRm u cr cn|||||||||051123s2006 nyu sb 001 0 eng d z 2005056675 z1403983151 z140396873X (HB) z1403968748 (PB) aCaPaEBRcCaPaEBR a(OCoLC)56796281614aLD3763b.L83 2006eb04a378.793/552221 aLucas, Brad.10aRadicals, rhetoric, and the warh[electronic resource] :bthe University of Nevada in the wake of Kent State /cBrad E. Lucas. aNew York :bPalgrave Macmillan,c2006. axii, 207 p.1 aPalgrave studies in oral history aIncludes bibliographical references and index. aElectronic reproduction.bPalo Alto, Calif. :cebrary,d2009.nAvailable via World Wide Web.nAccess may be limited to ebrary affiliated libraries.20aUniversity of Nevada, RenoxHistoryy20th century. 0aCollege studentszNevadaxPolitical activityxHistoryy20th century. 0aVietnam War, 1961-1975xProtest movementszNevada. 0aKent State Shootings, Kent, Ohio, 1970. 7aElectronic books.2local2 aebrary, Inc. 0aPalgrave studies in oral history.40uhttp://site.ebrary.com/lib/rucke/Doc?id=10150442zAn electronic book accessible through the World Wide Web; click to view c94619d94619